| 000 | 00488nam a22001697a 4500 | ||
|---|---|---|---|
| 999 |
_c526216 _d526216 |
||
| 003 | NUST | ||
| 038 | _aMr. Zahoor | ||
| 082 | _a530.1 | ||
| 100 |
_aFaiz-Ur-Rahman _917190 |
||
| 245 |
_aGeneralized Second Law of Thermodynamics in Wormhole Geometry / _cFaiz-Ur-Rahman |
||
| 260 |
_aIslamabad : _bCAMP - NUST, _c2012. |
||
| 300 |
_av, 99 p. : ill. ; _c30cm. |
||
| 500 | _aHardcover. | ||
| 650 |
_aPhysics - M.Phil Thesis _916472 |
||
| 700 |
_aDr. Mubasher Jamil _916806 |
||
| 942 |
_2ddc _cTHE |
||